000
00308nam a22001337a 4500
008
250422b |||||||| |||| 00| 0 eng d
020
_a
0130944343
050
_a
HD70
_b
.G75
100
_a
GRIFFIN W. Ricky
245
_a
Business
260
_a
U.S.A
_b
Prentice-Hall
_c
1993
300
_a
xxxi, 783p.
942
_c
BK
999
_c
3111
_d
3111